000 00500nam a2200193Ia 4500
005 20250603145411.0
008 250603s9999 xx 000 0 und d
020 _a9781119760658
050 _aTN 871.18 .T36/
100 _aTao Lu, Minggao Zhou, Yongren Feng, Yuqing Yang, Wilson Chin.
245 0 _aMultiprobe pressure analysis and interpretation
250 _a1st ed
260 _aUSA
260 _bJohn Wiley & Sons.
260 _c2021
300 _a87 p
650 _aUSA
942 _cBK
999 _c41751
_d41751